Kanta-Hämeen kunnat - Äkkikuolema - Statistics

Yleistilastot
  • Tätä visaa on pelattu 226 kertaa
  • Keskiarvotulos 8 / 11
Answers on the Grid
Answers color-coded by a green-red scale on the quiz's grid according to % correct below.
Asikkala
Evo
Forssa
Hattula
Hausjärvi
Humppila
Hyvinkää
Hämeenlinna
Janakkala
Jokioinen
Karkkila
Lahti
Loimaa
Loppi
Orivesi
Padasjoki
Pälkäne
Riihimäki
Somero
Säkylä
Tammela
Tervakoski
Vanajavesi
Ypäjä
 
Vastaustilastot
Vastaus % Oikein
Forssa
88%
Hämeenlinna
88%
Riihimäki
81%
Hattula
79%
Janakkala
79%
Loppi
74%
Tammela
73%
Hausjärvi
71%
Humppila
71%
Jokioinen
71%
Ypäjä
69%
Ehtoja vastaavia visoja ei löytynyt
Tulosjakauma
Jokaisen tuloksen saaneiden osuus
Persentiili vastausten määrän mukaan
Tuloshistoriasi
Et ole pelannut tätä visaa